000 00259nam a2200097Ia 4500
001 992808
005 20250826221355.0
008 250824s9999 xx 000 0 und d
245 0 _aKAFADAN KONTAKLAR ADRESE TESLİM
_cPHILIP ARDAGH
260 _bPARODİ YAYINLARI
999 _c992808
_d992808